Loading...
| LEADER | 00862nam a22002057a 4500 | ||
|---|---|---|---|
| 008 | 140503b xxu||||| |||| 00| 0 eng d | ||
| 999 | |c 6342 |d 6342 | ||
| 020 | |a 9789382934837 | ||
| 082 | |a 320.014 |b MUH/KAM | ||
| 100 | |a മുഹമ്മദ്കോയ, സി. എച്ച്. | ||
| 240 | |a C.Hinte prabhashanangal | ||
| 245 | |a സി.എച്ചിന്റെ പ്രഭാഷണങ്ങള് / |c കമാലുദ്ദീന്, എസ്. | ||
| 250 | |a 2nd ed. | ||
| 260 | |a കോഴിക്കോട് : |b ഒലിവ്, |c 2013. | ||
| 300 | |a 121p. | ||
| 650 | |a Speeches | ||
| 700 | |a Muhammadkoya, C. H. | ||
| 700 | |a Kamaludheen, S. |e editor. | ||
| 942 | |2 ddc |c BK | ||
| 952 | |0 0 |1 0 |2 ddc |4 0 |6 320_014000000000000_MUHKAM |7 0 |9 9169 |a MAIN |b MAIN |d 2014-05-03 |e Olive Publications |g 100.00 |l 1 |o 320.014 MUH/KAM |p 8558 |r 2017-05-11 |s 2016-08-01 |t 1 |w 2014-05-03 |y BK | ||